[Event "Zug Young Masters"]
[Site "Zug"]
[Date "2001.10.10"]
[Round "2"]
[White "Forster, Richard"]
[Black "Kempinski, Robert"]
[Result "1-0"]
[WhiteElo "2462"]
[BlackElo "2595"]
[Annotator "Konikowski,J"]
[PlyCount "55"]
[EventDate "2001.10.09"]
[EventType "tourn"]
[EventRounds "11"]
[EventCountry "SUI"]
[EventCategory "9"]
[SourceTitle "CBM 086"]
[Source "ChessBase"]
[SourceDate "2002.02.05"]
[SourceVersion "1"]
[SourceVersionDate "2002.02.05"]
[SourceQuality "1"]

1. e4 c5 2. Nf3 d6 3. c3 Nf6 4. Be2 Nbd7 5. d3 b6 6. O-O Bb7 7. Nbd2 g6 8. d4
cxd4 9. cxd4 Bg7 10. e5 dxe5 11. dxe5 Nd5 12. e6 fxe6 13. Ne4 O-O 14. Nfg5 Nc7
15. Nxe6 Nxe6 16. Qb3 Kh8 17. Qxe6 Ne5 $146 {[%mdl 8]} (17... Nc5 $5 18. Nxc5
bxc5 19. Be3 Bd5 20. Qg4 Qc8 21. Rad1 Bxa2 22. Qg5 Bb3 23. Rd2 Bf6 24. Qxc5
Qxc5 25. Bxc5 a5 26. Bd1 Rab8 $11 {Tischbierek,R-Wahls,M/Bremen 1998/}) 18. Ng5
Qc8 $2 (18... h6 $142 $5 19. Rd1 Qc7 20. Qh3 Qc2 $11) 19. Be3 Bf6 20. Rac1 Qxe6
21. Nxe6 Rg8 (21... Rfc8 $5) 22. Rfd1 Rac8 23. b3 Rxc1 24. Bxc1 Rc8 (24... Bc8
$5) 25. Bf4 Be4 (25... Kg8 $142 $5 $16) 26. Bxe5 $18 Bxe5 27. Ba6 Bc2 28. Rd2
1-0

[Event "Presov 2nd"]
[Site "Presov"]
[Date "2000.08.12"]
[Round "1"]
[White "Makarov, Marat"]
[Black "Macieja, Bartlomiej"]
[Result "1/2-1/2"]
[WhiteElo "2515"]
[BlackElo "2536"]
[Annotator "Konikowski,J"]
[PlyCount "42"]
[EventDate "2000.08.12"]
[EventType "tourn"]
[EventRounds "9"]
[EventCountry "SVK"]
[EventCategory "10"]
[SourceTitle "CBM 079"]
[Source "ChessBase"]
[SourceDate "2000.11.21"]
[SourceVersion "1"]
[SourceVersionDate "2000.11.21"]
[SourceQuality "1"]

1. Nf3 c5 2. e4 d6 3. c3 Nf6 4. Bd3 Nc6 5. Bc2 Bg4 6. d3 e6 7. Nbd2 Be7 8. h3
Bh5 9. Nf1 d5 10. Ng3 Bg6 11. Qe2 (11. Nh4 dxe4 12. Nxg6 hxg6 13. Nxe4 Qc7 14.
Qf3 Rd8 15. Bf4 Ne5 16. O-O-O Nd5 17. Bxe5 Qxe5 18. Ba4+ Kf8 19. g3 Qf5 20. Qg2
Nb6 21. Bb3 g5 22. Kb1 g6 23. Bc2 Kg7 24. f3 Nd5 25. Qe2 {1/2-1/2 Fedorowicz,
J-Novikov,I/Mashantucket 1999/}) 11... Qc7 12. O-O Bd6 13. exd5 (13. Bg5 dxe4
14. Nxe4 Nxe4 15. dxe4 O-O 16. Nh4 Bh2+ 17. Kh1 Bf4 18. Bxf4 Qxf4 19. Nxg6 hxg6
20. g3 Qc7 21. Rad1 Rfd8 22. Ba4 a6 23. Bxc6 Qxc6 24. Kg1 Qa4 25. b3 Qa5 26.
Qc2 b5 27. Rxd8+ Rxd8 $11 {Swierczewski,M-Jaworski,M/Polanica Zdroj 1992/})
13... Nxd5 14. Ne4 Be7 15. Ba4 O-O 16. Bxc6 Qxc6 17. c4 Nf6 18. Ne5 Qc7 19. Nc3
Nd7 (19... Bh5 20. g4 (20. Qe3 Nd7 $1) 20... Bg6 21. Bf4 Qc8 22. h4 $36) 20.
Nxg6 hxg6 21. Be3 Rac8 1/2-1/2

[Event "Interpolis-03"]
[Site "Tilburg"]
[Date "1979.11.02"]
[Round "2"]
[White "Romanishin, Oleg M"]
[Black "Timman, Jan H"]
[Result "1-0"]
[WhiteElo "2560"]
[BlackElo "2625"]
[Annotator "Krnic,Z"]
[PlyCount "151"]
[EventDate "1979.11.01"]
[EventType "tourn"]
[EventRounds "11"]
[EventCountry "NED"]
[EventCategory "15"]
[SourceTitle "MCL"]
[Source "ChessBase"]
[SourceDate "1999.07.01"]
[SourceVersion "1"]
[SourceVersionDate "1999.07.01"]
[SourceQuality "1"]

1. Nf3 c5 2. e4 d6 3. Nc3 a6 4. g3 Nc6 5. Bg2 Bg4 6. Nd5 (6. h3) 6... e6 (6...
g6) 7. Ne3 Bh5 (7... Bxf3 {/\8... g6=}) 8. g4 Bg6 9. d3 h5 (9... Nf6 10. h4)
10. g5 h4 11. h3 Be7 12. Ng4 f6 13. c3 $5 (13. gxf6 gxf6 {/\14... 0-0-0=/+})
13... fxg5 14. Be3 (14. Qb3 Na5 15. Qxe6 Bf7 16. Qf5 g6 $19) 14... Nh6 15. Qd2
Nf7 $17 16. O-O O-O 17. b4 cxb4 18. cxb4 Rc8 (18... Bh5 $142 19. d4 Bxg4 20.
hxg4 Bf6 {/\e5, Sd4}) 19. a3 Bf6 (19... Bh5 $142) (19... d5 20. exd5 exd5 21.
Nd4 $44) 20. Rab1 Bh5 21. Nxf6+ gxf6 22. b5 $44 Bxf3 (22... axb5 $6 23. Rxb5 {
/\24.Sh4}) 23. Bxf3 Nce5 24. Bg2 g4 25. f4 (25. Qe2 Ng5 26. hxg4 h3 27. Bh1)
25... gxf3 26. Bxf3 Ng5 (26... Nxf3+ 27. Rxf3 Ng5 28. Bxg5 (28. Qg2) 28... fxg5
29. Rxf8+ $10) 27. Bg2 Rf7 28. Kh1 axb5 29. Rxb5 Qe7 30. Rbb1 Rg7 31. Rf4 Rf8
32. Rbf1 Ng6 33. R4f2 e5 34. Rf5 Rff7 35. Qa2 Ne6 (35... Qe6 36. Qd5 $1) 36.
Bf3 Ngf4 37. Bg4 Kh8 $36 (37... Nxd3 $6 38. Rh5 (38. Bh5 Ndf4 $1 39. Bxf7+ Qxf7
) 38... Ndf4 39. Rh6 $1 {/\40.Df2} (39. Rxh4 $2 f5 40. exf5 Qxh4 41. fxe6 Re7
42. Bxf4 Rxg4 $19)) 38. Kh2 Rg8 {/\Sg7} (38... Rh7 $142 {/\Sg7}) 39. d4 Rh7 40.
d5 Ng5 $2 (40... Ng7 41. Bxf4 Nxf5 42. Bxf5 $10) (40... Nc5 $142) 41. Bxf4 exf4
42. Qb2 Rh6 (42... Nxe4 $2 43. R5xf4 {/\Te1}) 43. R5xf4 Qe5 44. Qc2 Re8 45. Bf5
Kg7 46. Kh1 Rhh8 47. Rg4 Rh5 48. Rg2 Re7 49. Qc1 Qd4 50. Qf4 Qe5 51. Qxe5 Rxe5
52. Rb1 Re7 53. Rb6 $18 Rh8 54. Rxd6 Ra8 55. Rb6 Rxa3 56. d6 Re5 (56... Rf7 57.
Be6) 57. Rxb7+ Kh6 58. d7 $2 (58. Rd2 $18 Nxe4 59. Bxe4 Rxe4 60. d7 Rxh3+ 61.
Kg2) 58... Rd3 59. Rb8 Rxf5 60. exf5 Rxd7 61. Rh8+ (61. Rg4 Nf7 (61... Kh5 62.
Rh8+ Nh7 63. Rg6 $2 (63. Kg2 {/\Ke6}) 63... Rd1+) 62. Rg6+ (62. Rxh4+ Kg5)
62... Kh5 63. Rxf6 Ne5 64. Re6 Rd5 $1 {The win for White remains problematic.})
61... Kg7 62. Rxh4 Rd3 63. Ra4 $1 (63. Rh5 Kf8 64. h4 Rh3+ 65. Rh2 Rxh2+ 66.
Kxh2 Nf7 {/\Kg7} 67. Rh7 Kg8 68. Rxf7 Kxf7 $10) 63... Rxh3+ 64. Rh2 Rxh2+ 65.
Kxh2 Nf7 66. Ra7 Kf8 67. Kg3 Nd6 68. Kg4 Ke8 69. Ra5 Nc4 70. Ra8+ Ke7 71. Kh5
Ne5 72. Kh6 Kf7 73. Kh7 Nc6 74. Ra6 Ne5 75. Ra7+ Kf8 76. Rb7 (76. Rb7 Nc6 (
76... Ke8 77. Kg7) 77. Rb6) 1-0

[Event "FRA-chT poule haute"]
[Site "France"]
[Date "2003.05.10"]
[Round "11.4"]
[White "Kazhgaleyev, Murtas"]
[Black "Lautier, Joel"]
[Result "0-1"]
[WhiteElo "2604"]
[BlackElo "2666"]
[Annotator "Lautier,J"]
[PlyCount "80"]
[EventDate "2003.05.07"]
[EventType "team"]
[EventRounds "4"]
[EventCountry "FRA"]
[SourceTitle "CBM 095"]
[Source "ChessBase"]
[SourceDate "2003.07.25"]
[SourceVersion "1"]
[SourceVersionDate "2003.07.25"]
[SourceQuality "1"]
[WhiteTeam "Cannes"]
[BlackTeam "Paris NAO"]
[WhiteTeamCountry "FRA"]
[BlackTeamCountry "FRA"]

1. e4 {Psakhis} c5 2. Nf3 d6 3. Bc4 {Psakhis: 'Deviating from the theory at
very early stage.'} Nc6 4. c3 Nf6 5. d3 a6 $1 (5... Bg4 6. Qb3 $16) 6. Bb3 (6.
O-O Bg4 7. Qb3 $6 e6 8. Qxb7 $2 Na5 $19) 6... Bg4 7. Nbd2 e6 8. h3 Bh5 9. Qe2
Be7 10. Nf1 $6 {Psakhis: 'This is a new try, but as this game shows, Black has
nothing to fear here'} (10. g4 Bg6 11. Nh4 $13) (10. O-O {Psakhis} O-O 11. g4
Bg6 12. Nh4 Ne8 13. Ng2 h6 14. f4 Bh7 15. f5 exf5 16. gxf5 Na5 17. Bd5 Nc7 18.
Ne3 Bg5 19. Ndc4 $14 {1-0 Schneider,D-Gomez,J/Wch B20 Athens 2001/}) (10. Bc2 {
Psakhis} d5 11. g4 Bg6 12. Nh4 Qc7 13. Ng2 O-O-O 14. f4 c4 15. d4 Nxe4 16. Nxe4
dxe4 17. Be3 Kb8 18. Qxc4 Qd7 $13 {Minasian,A-Cheparinov,I/EUR-ch Batumi 2002/
The Week in Chess 397/1/2-1/2 (81)}) 10... d5 $1 11. g4 (11. e5 Bxf3 12. gxf3
Nd7 13. f4 b5 $36) (11. exd5 Nxd5 12. Ng3 Bg6 13. O-O O-O $15) 11... Bg6 (11...
dxe4 12. dxe4 Bg6 13. Ng3 $11) 12. e5 (12. Ng3 c4 13. dxc4 Nxe4 $15 (13... dxe4
14. Nh4)) (12. g5 Nh5 $15 13. exd5 {Psakhis} exd5 14. Nh4 O-O $15) 12... Nd7
13. Bc2 ({In the case of} 13. Bf4 {(Psakhis) Lautier possibly would play} Bxd3
$5 (13... b5) 14. Qxd3 c4 15. Bxc4 $140 Nc5 $36) 13... Qc7 (13... c4 {Psakhis}
14. d4 (14. dxc4 Bxc2 15. cxd5 (15. Qxc2 dxc4 {[%csl Re5][%cal Gd7c5]}) 15...
Ndxe5 $1 16. Nxe5 Qxd5) 14... Bxc2 15. Qxc2 O-O $13) 14. Bf4 (14. d4 {Psakhis}
Bxc2 15. Qxc2 Rc8) 14... f6 $1 {'!?' Psakhis. Psakhis: 'Unlike White who has
not completed his development yet, all Black pieces are involved in the
struggle'} (14... d4 {Psakhis} 15. Ng3 {[%cal Gh3h4]}) 15. exf6 Qxf4 16. fxe7
Nde5 $1 {Psakhis: 'It is clear, that initiative belongs to Black already'} (
16... Nxe7 {[%cal Ge6e5] Psakhis}) {Psakhis: Nothing change and} 17. N1d2 Kxe7
(17... c4 18. Nxe5 Nxe5 19. d4 {'[]' Psakhis.} Bxc2 20. Qxe5 Qxe5+ 21. dxe5
Kxe7 $15 {'|^' Psakhis.}) 18. Nh4 {/\ Ng2} (18. O-O-O Nxf3 19. Qxf3 Qxf3 20.
Nxf3 Raf8 $17) (18. Nxe5 $5 {Psakhis}) 18... Raf8 19. Rf1 (19. Ng2 {'!?'
Psakhis.} Nf3+ 20. Nxf3 Qxf3 21. Qxf3 Rxf3 22. Nh4 Rf4 $15 (22... Rf6 $15 {
Psakhis})) 19... Qh2 (19... Qh6 $5 20. Nxg6+ hxg6 21. Rh1 Qf4 $17) (19... d4 $5
{Psakhis}) (19... Qf6 $5 {Psakhis}) 20. Ndf3 (20. O-O-O Qxh3 21. Nxg6+ hxg6 22.
f3 Qg3 $17) (20. Nxg6+ {Psakhis} hxg6 $5) 20... Nxf3+ 21. Nxf3 Qf4 (21... Qxh3
$4 22. Ng5 $16) 22. Nd2 (22. Nh4 $5 {[%cal Gh4g2] Psakhis}) 22... h5 $1 {
Psakhis: 'Lautier increases the pressure on white's position.'} 23. O-O-O hxg4
24. hxg4 Rh2 $17 (24... Qe5 $5 {Psakhis}) 25. Rde1 e5 {'-/+' Psakhis.} 26. Bb3
(26. Qe3 Qxe3 27. fxe3 Rxf1 28. Rxf1 Rg2 $17) 26... Kd6 27. Qd1 $2 $138 {
'?!' Psakhis. Psakhis: 'An attempt to launch an attack against black monarch ,
which is easily suppressed by Black.'} (27. Bc2 $142 {Psakhis}) 27... Bxd3 $19
28. Re3 (28. Bxd5 {Psakhis} Kxd5 $19) 28... e4 29. Bxd5 $5 Kxd5 (29... Bxf1 {
Psakhis} 30. Qxf1 Kxd5 $19 {was good enough}) 30. Qb3+ Kd6 $138 (30... c4 31.
Qxb7 Bxf1 {'-+' Psakhis.} 32. Rxe4 Rf7 33. Rd4+ Kc5 $19) 31. Qxb7 Qf7 32. Nxe4+
(32. Rxd3+ exd3 33. Ne4+ Kd5 34. c4+ Ke5 35. Qxc6 Qxc4+ 36. Kb1 (36. Nc3 d2+
$19) 36... Qxe4 37. Qxc5+ Ke6 38. Qxf8 d2+ $19) ({Psakhis: Worth considering} 
32. Qb6 $142 {'!?' Psakhis. Psakhis: 'and after, for example '} Qd5 {'>=!'
Psakhis.} (32... Qxa2 $6 {Psakhis} 33. Rxd3+ $1 exd3 34. Ne4+ Ke6 35. Qxc6+ Kf7
36. Qd7+ Kg8 37. Qxd3 $17 {White still keep chances to safe game.}) (32... Qd5
$142 $1) 33. c4 Qd4 34. Rd1 Rb8 $19) 32... Bxe4 33. Rd1+ Bd5 34. Qb3 Rh1 $1 35.
c4 Rxd1+ 36. Qxd1 Nd4 37. cxd5 Qxf2 38. Ra3 Qf4+ 39. Kb1 Qe4+ 40. Kc1 Rf1 0-1

[Event "Leon"]
[Site "Leon"]
[Date "1994.??.??"]
[Round "9"]
[White "Leko, Peter"]
[Black "Romero Holmes, Alfonso"]
[Result "1-0"]
[WhiteElo "2545"]
[BlackElo "2455"]
[Annotator "Leko,P"]
[PlyCount "101"]
[EventDate "1994.05.??"]
[EventType "tourn"]
[EventRounds "9"]
[EventCountry "ESP"]
[EventCategory "12"]
[SourceTitle "CBM 042"]
[Source "ChessBase"]
[SourceDate "1994.10.01"]
[SourceVersion "1"]
[SourceVersionDate "1994.10.01"]
[SourceQuality "1"]

1. e4 {Schlosser,P} c5 2. Nf3 d6 3. Bc4 (3. c3 {Schlosser,P} Nf6 4. Bd3 Nc6 5.
Bc2 (5. h3 $6 d5 $1 $15) 5... Bg4 $132) 3... Nf6 (3... e6 4. Qe2 $146 {(4.0-0)}
Be7 5. O-O Nf6 6. c3 O-O 7. Bb3 b6 8. Re1 Bb7 9. d3 Nc6 10. Nbd2 $13 {
(Leko-Moiseev, Nettetal 1992)}) 4. Qe2 Nc6 (4... Bg4 $2 {Schlosser,P} 5. e5 $1)
5. h3 (5. c3 Bg4 6. Bb3 e6 7. d3 d5 8. Nbd2 Be7 9. h3 Bh5 10. O-O Qc7 $10 {
(Lutz,Ch-Sadler, Ostende 1992)}) 5... e6 (5... d5 $5 {Schlosser,P}) 6. Bb3 Be7
(6... d5 $5 {Schlosser,P} 7. e5 $140 Nd7 $132 {x e5}) 7. c3 b6 8. O-O O-O 9.
Rd1 $146 (9. d4 Bb7 10. Nbd2 (10. Rd1 $5) 10... cxd4 11. cxd4 Rc8 12. a3 Rc7 $1
13. Re1 Qa8 $1 $15 {(Leko-Adorjan, HUN-ch 1992)} (13... Qa8 {Schlosser,P} 14.
Ba2 Rfc8 15. e5 dxe5 16. dxe5 Nd7 17. Nb3 Bf8 {0,5/Leko,P-Adorjan,A/HUN ch/
1992/})) 9... a5 $5 (9... Bb7 10. d4 $13) 10. d4 cxd4 11. cxd4 a4 (11... Ba6 {
Schlosser,P} 12. Qe1 d5 13. e5 Nd7 $132) 12. Bc4 (12. Bxa4 $2 Rxa4 13. Qb5 Ra7
14. Qxc6 Bb7 $17) (12. Bc2 Nb4 13. Nc3 Ba6 14. Qd2 Nxc2 15. Qxc2 b5 $10) 12...
d5 (12... Nxe4 $2 13. Bb5 $1 $18 (13. d5 $18 {Schlosser,P})) 13. exd5 (13. Bb5
$5 {Schlosser,P} dxe4 (13... Na7 $140 $6 14. e5 Ne4 15. Bd3 $16) 14. Bxc6 exf3
(14... Ba6 $6 15. Qe3 exf3 16. Qxf3 $1 {/\ 17.Nc3+/-, xa4} (16. Bxa8 Qxa8 17.
Qxf3 Qxf3 18. gxf3 Be2 $44)) 15. Qxf3 Ra7 16. Nc3 Bd7 17. Bf4 $14) 13... Nxd5
14. Nc3 Ncb4 15. Ne5 Bb7 16. Ne4 (16. a3 {Schlosser,P} Nxc3 17. bxc3 Nd5 18.
Rd3 Rc8 {/\ 19...f6, 19...b5}) 16... Ba6 $5 (16... Nf6 17. Nxf6+ Bxf6 $10 (
17... Bxf6 {Schlosser,P} 18. Bd2 Nd5 $10)) 17. a3 $1 Bxc4 18. Qxc4 f5 19. Ng3
Rc8 20. Qb5 Nc2 21. Rb1 Bxa3 $5 (21... Qe8 {Schlosser,P} 22. Qd3 $16 {x Nc2})
22. bxa3 Nc3 23. Qd3 Nxb1 24. Bb2 Nbxa3 (24... Qd5 25. Rxb1 Qa2 26. Qd1 $14)
25. Bxa3 Nxa3 26. Qxa3 b5 27. Ne2 $1 $13 {(/\Nf4 ><e6, Kg8)} f4 $1 $8 (27...
Qa5 {Schlosser,P} 28. Qd6 Rfe8 29. Nf4 $36) (27... Qd5 {Schlosser,P} 28. Rb1 (
28. Nf4 $2 Qb3 $132) 28... Rfd8 (28... Rc2 29. Nf4 Qe4 (29... Qxd4 $140 $2 30.
Qxf8+ $18) 30. Nxe6 Re8 31. Rxb5 Qe1+ 32. Kh2 Qxf2 33. Qg3 Qxg3+ 34. Kxg3 g6
35. d5 $16) 29. Qe7 Re8 30. Qb4 $16) 28. Nc3 Qa5 (28... Rf5 $5 {(/\29...Rc3 30.
Qc3 Re5 -+ Gomez Esteban)}) 29. Na2 $1 Qc7 $1 30. Qb4 Qc2 $138 31. Rd2 Qb3 32.
Qe7 Rce8 33. Qc5 Kh8 $2 (33... Rc8 $10) 34. Kh2 $1 Rc8 35. Qd6 a3 (35... Rcd8
$2 36. Nf7+ $1 $18) (35... Qd5 {Schlosser,P} 36. Qe7 Rce8 37. Qb4 $16) 36. d5
$1 $16 exd5 37. Qe6 {(/\Nf7)} Rc7 $8 38. Re2 (38. Rd4 $1 {/\Rf4 G.Feher} Qxa2
39. Rxf4 Rb8 40. Ng6+ hxg6 41. Rh4#) 38... Qa4 (38... g6 {Schlosser,P} 39. Nd7)
39. Nf7+ Rcxf7 40. Qxf7 Qa8 41. Qd7 f3 42. Re7 Qb8+ (42... fxg2 43. Rxg7 g1=Q+
44. Kxg1 Rg8 45. Rxg8+ Qxg8+ 46. Kf1 $18) 43. g3 Qb6 44. Qa7 $18 (44. Re3 $4
Qxe3 $1 $19) 44... Qf6 45. Qxa3 h5 46. Re6 (46. Re5 $1) 46... Qf7 47. Re7 Qg6
48. Re5 b4 49. Qxb4 Ra8 50. Nc3 Qe4 51. Rxd5 1-0

[Event "Reykjavik Hrokurinn"]
[Site "Reykjavik"]
[Date "2003.02.25"]
[Round "7"]
[White "McShane, Luke J"]
[Black "Macieja, Bartlomiej"]
[Result "0-1"]
[WhiteElo "2568"]
[BlackElo "2629"]
[Annotator "Macieja,B"]
[PlyCount "94"]
[EventDate "2003.02.18"]
[EventType "tourn"]
[EventRounds "9"]
[EventCountry "ISL"]
[EventCategory "15"]
[SourceTitle "EXT 2004"]
[Source "ChessBase"]
[SourceDate "2003.11.25"]
[SourceVersion "1"]
[SourceVersionDate "2003.11.25"]
[SourceQuality "1"]

1. e4 c5 2. Nf3 d6 3. Bc4 {This move is possible to be played from time to
time, but I believe not in every game as Luke do.} Nf6 4. d3 Nc6 5. O-O Bg4 6.
Nbd2 e6 7. h3 Bh5 8. c3 Be7 9. Bb3 d5 10. Qe2 Qc7 11. Re1 O-O-O $1 $146 ({
There is no reason to be afraid. Black king is very safe on c8. In Lutz -
Sadler, Ostend 1992 black played worse:} 11... Rd8 12. e5 Nd7 13. g4 Bg6 14.
Nf1 h5 15. Bf4 {and eventually lost.}) 12. Ba4 Ne5 $15 ({In my preparations
for McShane I evaluated that position as slightly better for black, while after
} 12... dxe4 13. dxe4 Ne5 {white would equalize after} 14. Bc2 $1) 13. g4 ({Now
} 13. Bc2 $5 {was also worthy consideration, though existance of d3 and d5
pawns is on black's hand.}) 13... Nxf3+ 14. Nxf3 Bg6 15. e5 Nd7 16. Bf4 h5 17.
Bg3 hxg4 18. hxg4 {Black's position looks preferable. h file has already been
opened, king is safe and even white-squares bishop (a typical problem in
similar structures) is active!} c4 $1 19. d4 ({Forced, as the ending appearing
after} 19. dxc4 Qxc4 20. Qxc4+ dxc4 {would be significantly worse for white.})
19... Rh6 20. Kg2 Rdh8 21. Bc2 $1 ({Black bishop couldn't be tolerated anymore.
} 21. Rh1 $6 Rxh1 22. Rxh1 Rxh1 23. Kxh1 Qa5 $1 24. Bxd7+ Kxd7 $17) 21... Qd8
$1 ({Black queen goes to king's side via g8 and h7. It didn't have any sense
to aim for a pawn} 21... Bxc2 $6 22. Qxc2 Rg6 $6 23. Rh1 $1 $36) 22. b3 ({
White tries to get a counter-play on queen's side, as he couldn't start
fighting for h file:} 22. Rh1 $6 Rxh1 23. Rxh1 Rxh1 24. Kxh1 Qh8+ 25. Kg2 Qh7
$1 26. Bxg6 Qxg6 $17) 22... Nb6 23. Rab1 $1 (23. Rh1 $6 Rxh1 24. Rxh1 Rxh1 25.
Kxh1 Qh8+ 26. Kg2 Qh7 $1 27. Bxg6 Qxg6 $17) 23... Qg8 24. Bxg6 ({Forced, as
counter-play was too slow:} 24. a4 Qh7 25. Bxg6 Rxg6 $1 26. Rh1 (26. Nh2 cxb3 {
with a big advantage due to a weak c4 square and white king's position.}) 26...
Rh6 27. Rhe1 $5 (27. Rxh6 Qxh6 $17) 27... cxb3 28. Qb5 (28. Rxb3 $2 Rh1 $19)
28... Nc4 29. Rxb3 b6 30. Rbb1 Qg6 $17) 24... Rxg6 25. Rh1 $1 (25. Nd2 Qh7 $1
26. Rh1 Rh6 27. Rxh6 Qxh6 28. bxc4 Qh3+ 29. Kf3 Rh4 $1 30. Ke3 Bg5+ 31. Kd3
Bxd2 32. Rxb6 $1 Bf4 $1 $19) 25... Rgh6 $1 ({An initiative is more important
than a pawn. After} 25... Rxh1 26. Rxh1 Rxg4 27. Nd2 {white would get good
counter-chances.}) 26. Rxh6 gxh6 $1 (26... Rxh6 27. Qc2 $1 $132) 27. Nd2 Qg6
28. Rc1 $1 ({White has to control c2 square.} 28. bxc4 $2 Nxc4 $17) 28... h5 $1
29. gxh5 Rxh5 $1 ({An excellent pawn sacrifice and the only chance for black
to keep playing for a win. An ending appearing after} 29... Qxh5 30. Qxh5 Rxh5
31. f4 {was equal.}) 30. bxc4 Qf5 31. Rh1 $8 (31. c5 Qh3+ 32. Kf3 Rf5+ 33. Ke3
Bg5+ 34. Kd3 Qh7 $1 $19) (31. Qf3 Qh3+ 32. Kg1 Bg5 $17) 31... Rxh1 32. Kxh1 Qc2
$1 {The point of black's plan! Now white pieces encounter enormous problems
with coordination.} 33. cxd5 (33. c5 Nc4 $17) 33... Nxd5 34. c4 Nb6 35. c5 $2 (
{Looks like the only move, but in fact white could complicate the game by
playing} 35. d5 $1 Bb4 36. Qh5 $1 Qxd2 37. Qxf7 Nxc4 38. Qxe6+ {with a strong
compensation.}) 35... Nd5 {White is a pawn up, but cannot escape for a draw.
Black pieces dominate.} 36. Qe1 Qxa2 $2 $138 ({A serious mistake caused by a
serious time trouble. After} 36... Qc3 {white would fail to find any defence.})
37. Ne4 a5 38. Qd1 $1 ({White queen goes to king's side to attack weak pawns.
Immediate action started with} 38. Nd6+ Bxd6 39. exd6 {(with the idea d7-Qe5)
would not bring expected results after} Qa4 $5 40. Kg1 (40. d7+ $2 Kxd7 41. Qe5
Qc6 $19) 40... Qb5 $17) 38... a4 39. Qf3 $2 $138 ({Played too fast and as it
often happens a decisive mistake, while} 39. Kh2 $1 {with the idea Qh5-Nd6
would guarantee a strong counter-play.}) 39... Qb3 $1 $19 40. Qxf7 {Nothing
else could be done.} Qb1+ 41. Kh2 Qxe4 42. Qxe6+ Kc7 43. Qf7 Qxd4 44. Qe8 (44.
e6+ Kc6 45. Qe8+ Kxc5 46. Qc8+ Kb6 $19) 44... Bh4 $1 45. Qf7+ Ne7 46. Kh3 Bxg3
47. Qxe7+ Qd7+ 0-1

[Event "Olympiad-36"]
[Site "Mallorca"]
[Date "2004.10.23"]
[Round "8"]
[White "Kasimdzhanov, Rustam"]
[Black "Sadvakasov, Darmen"]
[Result "1-0"]
[WhiteElo "2650"]
[BlackElo "2631"]
[Annotator "Marin,M"]
[PlyCount "107"]
[EventDate "2004.10.15"]
[EventType "team-swiss"]
[EventRounds "14"]
[EventCountry "ESP"]
[SourceTitle "CBM 104"]
[Source "ChessBase"]
[SourceDate "2005.01.27"]
[SourceVersion "1"]
[SourceVersionDate "2005.01.27"]
[SourceQuality "1"]
[WhiteTeam "Uzbekistan"]
[BlackTeam "Kazakhstan"]
[WhiteTeamCountry "UZB"]
[BlackTeamCountry "KAZ"]

1. e4 c5 2. Nf3 d6 3. c3 Nf6 4. Be2 Bg4 5. d3 e6 6. Nbd2 Nc6 7. Nf1 d5 8. exd5
exd5 9. Ne3 Be6 10. d4 Bd6 11. dxc5 Bxc5 12. Nc2 O-O 13. O-O Re8 14. Be3 Bd6
15. Nfd4 h6 16. Nxe6 fxe6 17. f4 Qc7 18. Kh1 Rad8 19. Nd4 Nxd4 20. cxd4 Qb6 21.
Rb1 Ne4 22. Qd3 Be7 23. Bf3 Nd6 24. Rfe1 Bf6 25. Bf2 Qb5 26. Qg6 Qb6 27. Re2
Ne4 28. Bxe4 dxe4 29. Rxe4 Rf8 30. Qg4 Rd6 31. h3 Bxd4 32. Rxd4 Rxd4 33. Bxd4
Qxd4 34. Qxe6+ Kh7 35. Qe7 Rxf4 36. Qxb7 Rf2 37. a3 Re2 38. Qf3 Rf2 39. Rd1
Rxf3 40. Rxd4 Rf2 41. Rb4 a5 42. Rb5 a4 43. Kh2 Rd2 {The presence of an
additional pair of queen side pawns favours the active side, who can improve
his king's position before transposing to the customary ending with a passed
pawn.} 44. Kg3 Kg6 45. Rb4 Rc2 46. Kf3 h5 47. h4 Kf5 48. g3 Rd2 49. Rxa4 Rxb2
50. Rf4+ Ke5 51. Re4+ Kf5 52. Rb4 Rc2 53. Rb3 Rc4 54. Ke3 {White has managed
to defend both his weak pawns at the same time, but Black's position isn't
entirely hopeless yet. I suppose that the game continued a bit more, but in
the database it ends abruptly here.} 1-0